Angliæ notitia, or, The present state of England : together with divers reflections upon the antient state thereof /

Bibliographic Details
Main Author: Chamberlayne, Edward, 1616-1703
Format: eBook
Language:English
Edition:The fifteenth ed., with several additions, and very many alterations.
Series:Making of the modern world (Goldsmiths'-Kress Library of Economic Literature)
Subjects:
Online Access:Connect to the full text of this electronic book

MARC

Tag First Indicator Second Indicator Subfields
LEADER 00000cam a2200000La 4500
001 in00002316632
005 20190326200237.0
006 m | d |
007 cr |n||||||||n
008 870519s1684 enka s 001 0 eng d
040 |a GKS  |c GKS  |d OCLCQ  |d Thomson Gale  |d UtOrBLW 
043 |a e-uk--- 
100 1 |a Chamberlayne, Edward,  |d 1616-1703. 
240 1 0 |a Angliae notitia.  |n Parts 1 & 2 
245 1 0 |a Angliæ notitia, or, The present state of England :  |b together with divers reflections upon the antient state thereof /  |c by Edw. Chamberlayne. 
250 |a The fifteenth ed., with several additions, and very many alterations. 
264 3 |a London :  |b Printed by J. Playford, and are to be sold by R. Bently ...,  |c 1684. 
300 |a 22 unnumbered pages, 363 pages, 4 unnumbered pages, 364 pages, 7 unnumbered pages, 1 unnumbered leaf of plates :  |b illustrations 
336 |a text  |b txt  |2 rdacontent 
337 |a computer  |b c  |2 rdamedia 
338 |a online resource  |b cr  |2 rdacarrier 
500 |a Part 2 has special title page with edition statement: ... The twelfth edition, with several additions and very many alterations. 
500 |a Errata: pages [6], 5th group. 
500 |a Includes indexes. 
500 |a Reproduction of original from Goldsmiths' Library, University of London. 
500 |a Goldsmiths'-Kress number 02543. 
510 4 |a Wing  |c C1831. 
510 4 |a OCLC,  |c 20892609 
533 |a Electronic reproduction.  |b Farmington Hills, Mich. :  |c Thomson Gale,  |d 2005.  |f (The making of the modern world).  |n Available via the World Wide Web.  |n Access limited to licensing agreements.  |7 s2005 miunns 
500 |a Electronic resource. 
651 0 |a Great Britain  |x Description and travel. 
651 0 |a Great Britain  |x Description and travel  |v Early works to 1800. 
651 0 |a Great Britain  |x Politics and government  |y 1660-1688. 
655 0 |a Electronic books. 
740 0 |a Angliæ notitia. 
740 0 |a Present state of England. 
830 0 |a Making of the modern world (Goldsmiths'-Kress Library of Economic Literature) 
856 4 0 |u http://proxy.library.tamu.edu/login?url=http://galenet.galegroup.com/servlet/MOME?af=RN&ae=U100277726&srchtp=a&ste=14&locID=txshracd2898  |z Connect to the full text of this electronic book  |t 0 
999 |a MARS 
999 f f |s 5dedba23-cd14-3ed5-b157-3b45e6c10d8a  |i ace838fe-cf96-3d7d-befa-a07199ec0cec  |t 0 
952 f f |a Texas A&M University  |b College Station  |c Electronic Resources  |d Available Online  |t 0  |h No information provided 
998 f f |t 0  |l Available Online